000 00439nam a22001817a 4500
003 MPLRDC
005 20220104184333.0
008 210129b ||||| |||| 00| 0 eng d
020 _a7-80702-952-6
082 _a411.19 LCX
100 _a李承宪
245 _a脑呼吸
_c李海龙译
250 _a初版一刷
260 _a中国
_b吉林文史出版社
_c2009
300 _b
650 _a健脑法
942 _cBK
_o411.19 LCX
999 _c62815
_d62805